UBT Library

Operative orthopaedics / (Record no. 47401)

000 -LEADER
fixed length control field 00645cam a2200229 a 4500
001 - CONTROL NUMBER
control field 1006795
005 - DATE AND TIME OF LATEST TRANSACTION
control field 20180829045309.0
008 - FIXED-LENGTH DATA ELEMENTS--GENERAL INFORMATION
fixed length control field 871125s1988 paua b 001 0 eng c
010 ## - LIBRARY OF CONGRESS CONTROL NUMBER
LC control number 87034225
020 ## - INTERNATIONAL STANDARD BOOK NUMBER
International Standard Book Number 0397507720 (set)
040 ## - CATALOGING SOURCE
Original cataloging agency DNLM/DLC
Transcribing agency DLC
Modifying agency DLC
041 ## - LANGUAGE CODE
Language code of text/sound track or separate title eng
060 ## - NATIONAL LIBRARY OF MEDICINE CALL NUMBER
Classification number WE 168 O61
080 ## - UNIVERSAL DECIMAL CLASSIFICATION NUMBER
Universal Decimal Classification number 617.3
082 00 - DEWEY DECIMAL CLASSIFICATION NUMBER
Classification number 617.3
Edition number 19
100 ## - Rafti
Rafti 8
101 ## - Shkurtesa
Shkurtesa ORT
245 00 - TITLE STATEMENT
Title Operative orthopaedics /
Statement of responsibility, etc edited by Michael W. Chapman ; Michael Madison, managing editor ; 196 contributors.
504 ## - BIBLIOGRAPHY, ETC. NOTE
Bibliography, etc Includes bibliographies and index.
906 ## - LOCAL DATA ELEMENT F, LDF (RLIN)
a 7
b cbc
c orignew
d 1
e ocip
f 19
g y-gencatlg
942 ## - ADDED ENTRY ELEMENTS (KOHA)
Source of classification or shelving scheme
Item type Books
Holdings
Withdrawn status Lost status Source of classification or shelving scheme Damaged status Not for loan Collection code Permanent location Current location Shelving location Date acquired Total Checkouts Full call number Barcode Date last seen Price effective from Koha item type
          Koleksioni i përgjithshem UBT - Lipjan UBT - Lipjan Koleksioni i përgjithshem 08/29/2018   617.3 CHA 002-3011969 08/29/2018 08/29/2018 Books
          Koleksioni i përgjithshem UBT - Lipjan UBT - Lipjan Koleksioni i përgjithshem 08/29/2018   617.3 cha 002-3011994 08/29/2018 08/29/2018 Books
          Koleksioni i përgjithshem UBT - Lipjan UBT - Lipjan Koleksioni i përgjithshem 08/29/2018   617.3 cha 002-3011995 08/29/2018 08/29/2018 Books
UBT Library © 2015-2024. All rights reserved University Education for Business and Technology